Twisted Ways of Commodities in the Early Modern Era and the Positioning of Poland on the Map of Colonialism
| Titel: | Twisted Ways of Commodities in the Early Modern Era and the Positioning of Poland on the Map of Colonialism / Dariusz Kołodziejczyk |
|---|---|
| Verfasser: | |
| In: |
European review, Band 26, Heft 3 (2018), Seite 441-447 alle Artikel anzeigen |
| Veröffentlicht: | 2018 |
| Format: | Aufsatz |
| Sprache: | Englisch |
X
alg: 50729277 001A $03025:26-04-23 001B $01999:26-04-23 $t22:30:38.000 001D $03025:26-04-23 001U $0utf8 001X $00 002@ $0Oou 002C $aText $btxt $2rdacontent 002D $aComputermedien $bc $2rdamedia 002E $aOnline-Ressource $bcr $2rdacarrier 003@ $0507292774 007A $0507292774 $aHEB 009Q $uhttps://doi.org/10.1017/S1062798718000133 $xH 010@ $aeng 010E $erda 011@ $a2018 021A $aTwisted Ways of Commodities in the Early Modern Era and the Positioning of Poland on the Map of Colonialism $hDariusz Kołodziejczyk 028A $BVerfasser $#Kołodziejczyk, Dariusz Włodzimierz $4aut $7103659471 $8Kołodziejczyk, Dariusz$Z1962- [Tp3] $9139038795 031A $d26 $e3 $h441-447 $j2018 039B $aEnthalten in $8--Obvc--. European review. - Cambridge : Cambridge Univ. Press, 1993-. - Online-Ressource. - ISSN 1474-0575 $x201800000260003559 $9098734202 044K $RKongresspolen $RWestgalizien $#Generalgouvernement Polen $#Polska $#Rzeczpospolita Polska $#Polska Rzeczpospolita Ludowa $#Poland $#Pologne $#République Polonaise $#Generalne Gubernatorstwo w Polsce $#Polish People's Republic $#Polska Rzeczpospolita Polen $#PRL $#RP $#Polen Generalgouvernement $#Polska Generalgouvernement $#Besetzte Polnische Gebiete $#Besetztes Gebiet in Polen $#Okupowane Polskie Obszary $#Obszary Okupowane w Polsce $#Volksrepublik Polen $#Polska Rosyjska $#Republic Polen $#Respublika Pol'ša $#Pol'skaja Narodnaja Respublika $#République de Pologne $#Polen Links der Weichsel $#Polska po Lewej Stronie Wisły $#Lenkija $#Polija $#Gubernija Carstva Pol'skago $#Republik Polen $74046496-9 $8Polen [Tg1] $9085129801 044K $RWirtschaft $#Commerce $#Commerce $#Comercio $#trade $#Handel $#Handel $#Warenhandel $74023222-0 $8Handel [Ts1] $9085057304 044K $RImperialismus $RKolonie $RAntikolonialismus $RKolonialmacht $REntkolonialisierung $#Imperialism $#Colonisation $#Colonialisme (idée politique) $#Colonialismo $#colonialism $#Kolonialismus $#Kolonialismus $#Kolonialpolitik $#Kolonialbestrebungen $#Kolonialpolitik $#Kolonialisierung $74073624-6 $8Kolonialismus [Ts1] $9085207241 044K $RFreigelassener $RSklaverei $RUnfreier $RSklavin $RVersklavung $#Slaves $#Esclaves $#Schiavi $#Esclavos $#Sklave $74055252-4 $8Sklave [Ts1] $9085153737 044K $RNachtschattengewächse $#Tobacco $#Tabac $#Nicotiana tabaccum $#Tabacco $#Tabaco $#tobacco $#Tabak $#Tabak $#Nicotiana tabacum $#Virginischer Tabak $#Tabakpflanze $74136670-0 $8Tabak [Ts1] $9085509094 044K $RMünze $#Silver coins $#Monnaies d'argent $#Monete d'argento $#Monedas de plata $74137416-2 $8Silbermünze [Ts1] $9085515019 045F $a330.094380903 $eDDC23BSB 045F/01 $a330.09 045F/03 $f0903 045F/03 $g438 lok: 50729277 78 exp: 50729277 78 1 #EPN 201B/01 $026-04-23 $t14:00:48.000 201C/01 $026-04-23 201U/01 $0utf8 203@/01 $01233105361 208@/01 $a26-04-23 $be 209A/01 $a/ $f000 $x00 209A/01 $ab*p $x01 220C/01 $apgar 244Z/01 $#Generalgouvernement Polen $#Polska $#Rzeczpospolita Polska $#Polska Rzeczpospolita Ludowa $#Poland $#Pologne $#République Polonaise $#Generalne Gubernatorstwo w Polsce $#Polish People's Republic $#Polska Rzeczpospolita Polen $#PRL $#RP $#Polen Generalgouvernement $#Polska Generalgouvernement $#Besetzte Polnische Gebiete $#Besetztes Gebiet in Polen $#Okupowane Polskie Obszary $#Obszary Okupowane w Polsce $#Volksrepublik Polen $#Polska Rosyjska $#Republic Polen $#Respublika Pol'ša $#Pol'skaja Narodnaja Respublika $#République de Pologne $#Polen Links der Weichsel $#Polska po Lewej Stronie Wisły $#Lenkija $#Polija $#Gubernija Carstva Pol'skago $#Republik Polen $74046496-9 $8--Tg1--Polen $x01 $9085129801 247C/01 $82080>Marburg/Lahn, Herder-Institut, Forschungsbibliothek, Bibliographieportal $9336309341
| LEADER | 00000caa a2200000 c 4500 | ||
|---|---|---|---|
| 001 | 507292774 | ||
| 003 | DE-603 | ||
| 005 | 20230426223038.0 | ||
| 007 | cr|||||||||||| | ||
| 008 | 230426s2018 xx |||| o| u00||u|eng c | ||
| 035 | |a (DE-599)HEB507292774 | ||
| 040 | |a DE-603 |b ger |c DE-603 |d DE-603 |e rda | ||
| 041 | |a eng | ||
| 082 | 0 | 4 | |8 1\u |a 330.094380903 |q DE-101 |2 23/BSB |
| 085 | |8 1\u |b 330.09 | ||
| 085 | |8 1\u |z 1 |s 0903 | ||
| 085 | |8 1\u |z 2 |s 438 | ||
| 100 | 1 | |a Kołodziejczyk, Dariusz |d 1962- |e Verfasser |4 aut |0 (DE-603)139038795 |0 (DE-588)103659471 |2 gnd | |
| 245 | 0 | 0 | |a Twisted Ways of Commodities in the Early Modern Era and the Positioning of Poland on the Map of Colonialism |c Dariusz Kołodziejczyk |
| 264 | 0 | |c 2018 | |
| 336 | |a Text |b txt |2 rdacontent | ||
| 337 | |a Computermedien |b c |2 rdamedia | ||
| 338 | |a Online-Ressource |b cr |2 rdacarrier | ||
| 650 | 7 | |a Handel |0 (DE-588)4023222-0 |0 (DE-603)085057304 |2 gnd | |
| 650 | 7 | |a Kolonialismus |0 (DE-588)4073624-6 |0 (DE-603)085207241 |2 gnd | |
| 650 | 7 | |a Sklave |0 (DE-588)4055252-4 |0 (DE-603)085153737 |2 gnd | |
| 650 | 7 | |a Tabak |0 (DE-588)4136670-0 |0 (DE-603)085509094 |2 gnd | |
| 650 | 7 | |a Silbermünze |0 (DE-588)4137416-2 |0 (DE-603)085515019 |2 gnd | |
| 651 | 7 | |a Polen |0 (DE-588)4046496-9 |0 (DE-603)085129801 |2 gnd | |
| 773 | 0 | 8 | |i Enthalten in |t European review |d Cambridge : Cambridge Univ. Press, 1993- |h Online-Ressource |x 1474-0575 |g Band 26, Heft 3 (2018), Seite 441-447 |w (DE-603)098734202 |w (DE-600)2048671-6 |
| 856 | |u https://doi.org/10.1017/S1062798718000133 |x Verlag | ||
| 924 | 1 | |9 2080 |a (DE-603)1233105361 |b DE-2080 |c HES |d d |g / | |


